[Event "Match 70__120'/40"]
[Site "Zürich"]
[Date "2022.??.??"]
[Round "40"]
[White "CXG Sphinx Legend"]
[Black "CXG Sphinx 40 most agg"]
[Result "0-1"]
[WhiteElo "1816"]
[BlackElo "1780"]
[Annotator "Utzinger,K"]
[PlyCount "133"]
[EventDate "2022.??.??"]

{[%evp 0,133,19,38,43,18,28,25,72,21,11,17,52,65,50,63,29,-11,2,-18,-8,-26,-17,
-25,14,-12,-17,-13,-15,-31,-26,-22,-22,-28,-26,-33,-30,-28,-17,-40,-32,-32,-32,
-35,-112,-222,-229,-251,-240,-268,-264,-328,-333,-342,-318,-345,-318,-382,-402,
-402,-259,-250,-246,-245,-230,-230,-222,-251,-236,-244,-252,-234,-239,-245,
-239,-258,-254,-253,-226,-229,-216,-252,-249,-232,-294,-300,-204,-204,-230,
-236,-218,-231,-199,-232,-200,-228,-220,-277,-250,-268,-276,-268,-268,-295,
-304,-318,-310,-310,-312,-307,-316,-349,-344,-353,-335,-324,-324,-328,-326,
-342,-374,-418,-444,-606,-630,-670,-707,-1180,-738,-859,-890,-2002,-2028,-2072,
-29984,-29985]} 1. e4 e6 {Match 120'/40 | Bediener: Rolf Bühler | 40. Partie:
Schwarz (Sphinx 40) gewinnt | Zwischenstand: 22,0-18,0 (55%) für Sphinx
Legend | Schwarz, die "Unergründliche", packt im klassischen Franzosen die
scharfe und positionell anspruchsvolle McCutcheon-Variante mit 4...Lb4 aus.
Beide Programme wählen in der Folge harmlose Fortsetzungen und es entwickelt
sich ein ruhiges Spiel. Im weiteren Verlauf der Partie agiert die Sphinx
Legend zu passiv und macht nie Anstalten, am Königsflügel die Initiative zu
ergreifen. Auch stellt Weiss seine Figuren, vor allem die Türme ungünstig
auf. Das erlaubt der "Unergründlichen", seinen Vorteil am Damenflügel
auszubauen und den Gegner völlig an die Wand zu spielen. Materieller Verlust 
(T+B gegen S) ist das Resultat. Und danach lässt die Sphinx 40 nicht mehr
locker und gibt dem Programm von Gyula Horvat nicht die geringste Chance mehr.
Ein verdienter Sieg der Sphinx 40 mit einem netten Abschluss und Übergang zu
einem gewonnenen Bauernendspiel beendet die Partie.} 2. d4 d5 3. Nc3 Nf6 4. Bg5
Bb4 (4... dxe4 {die Burn-Variante hat sich für Spieler mit geringeren
Ambitionen als gute Verteidigungswaffe etabliert.} 5. Nxe4) (4... Be7 5. e5
Nfd7 {kann zur sehr scharfen Aljechin-Chatard-Variante beginnend mit} 6. h4 $5
{führen.}) 5. e5 h6 6. Bd2 {Modern geworden sind die scharfen Abspiele nach:}
({a)} 6. Be3 $5 Ne4 7. Qg4) ({b)} 6. Bc1 Ne4 7. Qg4) 6... Bxc3 7. bxc3 {
***ENDE BUCH***} Ne4 {***ENDE BUCH***} 8. Bd3 {Mit dieser zahmen Fortsetzung
vermag Weiss dem Gegner keine Probleme zu schaffen. Dazu sind einzig 8.Dg4 und
8.Le3 sowie 8.Lc1 geeignet.} Nxd2 9. Qxd2 O-O {Wahnsinn: Dieser normal
aussehende Entwicklungszug taucht bei Stockfish 15 nicht auf unter den 6
besten Zügen.} (9... c5 $1 {ist die selbstverständliche Antwort, die jeder
Französisch-Spieler wählen würde.}) 10. Nf3 {Erneut eine sehr zahme
Fortsetzung. Nach der kurzen Rochade von Schwarz drängte sich 10.f4 geradezu
auf, während auch 10.h4 im Alpha Zero Stil eine Überlegung wert ist.} c5 $1 {
Dass sich die "Unergründliche" zu diesem systemgerechten Vorstoss durchringt,
gefällt mir und ist nicht selbstverständlich.} 11. O-O $11 {Die Stellung
befindet sich im Gleichgewicht.} Qa5 $6 {Das ist m.E. (als selbst
Französisch-Spieler) keine wirklich taugliche Fortsetzung. Ich hätte die
Dame auf d8 belassen, um Sh4 nebst f4 nicht einfach so zuzulassen. Mir scheint,
dass a) 11...b6 mit der Idee, ...La6 folgen zu lassen oder b) 11...c4 zwecks
Einleitung eines Bauernsturms am Damenflügel durch ...b5 und ...a5 nebst ...
b4 zweckmässigere Züge sind.} 12. Rfb1 {Logischer war es, mit den anderen
Turm nach b1 zu gehen. Der a2-Bauer wäre tabu und im Hinblick auf ein
vielleicht doch noch kommendes f4 nebst f5 stünde der Tf1 goldrichtig. Und
Angriffsspieler hätten sich hier wahrscheinlich für 12.g4!? entschieden, um
sofort die Initiative am Königsflügel zu ergreifen.} (12. Rab1 Nd7 13. dxc5
Qxc5 14. Rb4 f5 15. c4 Nb6 16. Rb5 Qc7 17. cxd5 Nxd5 18. c4 Ne7 19. Rfb1 Rd8
20. Qe3 b6 21. Be2 Ba6 22. R5b3 Rac8 23. Ra3 Bxc4 24. Bxc4 Qxc4 25. Rxa7 Nd5
26. Qa3 b5 27. h4 b4 28. Qa5 Qg4 29. Qa6 Nf4 30. Ne1 Ne2+ 31. Kf1 Nc3 32. Rc1
Qxh4 33. Qxe6+ Kh8 34. Nf3 Qe4 35. Re1 Qd3+ 36. Kg1 Ne2+ 37. Rxe2 Qxe2 38. Rxg7
Kxg7 39. Qf6+ Kh7 40. Qxf5+ Kg7 41. Qf6+ Kh7 42. Qf7+ Kh8 43. Qf6+ Kh7 44. Qf7+
Kh8 {1/2-1/2 (44) Sang,T (2287)-Rubenchik,R (2275) ICC INT 2014}) (12. g4 $5
cxd4 13. Nxd4 Nc6 14. Qe3 $14 {und Weiss steht leicht besser}) 12... c4 13. Be2
b5 (13... Qd8 {ist exakter}) 14. Rb2 {Unnötig zahm bzw. zahnlos.} ({Mit} 14.
g4 $5 $16 {hätte Weiss die Initiative und Angriffschancen am Königsflügel
erlangt.}) 14... Bd7 15. Rab1 $6 {Damit lässt sich wirklich kein Blumentopf
gewinnen, denn auf b5 wird sich wohl kaum jemals ein Turm opfern können.} (15.
a3 $11 {hätte sowohl ...Da3 als auch einem künftigen ...b4 entgegengewirkt.})
15... Rc8 $6 {Was der Turm hier zu suchen hat, wird auch das Programm von Mark
Taylor nicht wissen. Der Turm sollte auf f8 bleiben, um gegebenenfalls die
Öffnung der f-Linie mit ...f6 unterstützen zu können.} 16. h3 {Verliert ein
unnötiges Tempo für g4.} Bc6 17. Qe3 {Weiss tut weiterhin nichts, dabei lag
nun mangels geeigneten Alternativen 17.g4 gefolgt von g5 auf der Hand.} a6 18.
Nd2 Rc7 $6 {Pure Ratlosigkeit und zudem steht der Turm einem möglichen
Rückzug der Dame nach d8 im Weg.} 19. Bg4 {Anstelle von 19.g4 ein zahnloses
Manöver.} Bb7 20. Bh5 Qa3 {[#]} 21. Bg4 $2 {Dieser erneute plan- und sinnlose
Zug statt 21.g4! leitet den Anfang vom Ende ein.} ({Blue Marlin 15.1-avx2:} 21.
g4 Nc6 22. Nf3 g6 23. Qxh6 Qxc3 24. Ng5 Nxd4 25. Kg2 Nf3 26. Qh7+ Kf8 27. Nxf3
d4 28. Qh8+ Ke7 29. Qf6+ Ke8 30. a4 Re7 31. axb5 a5 32. b6 gxh5 33. Rb5 Rc8 34.
Rd1 h4 35. Qh8+ Kd7 36. Qf6 {[%eval -22,45]}) 21... Nd7 22. Bh5 $2 {Nach
diesem zweiten Fehler in Folge geht es rasch bergab. Mehr Widerstand war mit
22.Tb4 Dxa2 möglich.} Nb6 23. Rb4 Na4 $1 {Erzwingt praktisch das chancenlose
Qualitätsopfer 24.Txa4, wenn Weiss den grössten Schaden vermeiden will.} 24.
Kh2 Bc6 {Gegen sofort 24...Sxc3 -+ sprach gar nichts.} 25. Ra1 $6 {Notwendig
war das unerfreuliche Qualitätsopfer 25.Txa4, was allerdings am Ausgang der
Partie nichts hätte ändern sollen.} Nxc3 26. Nb1 Qxb4 27. a3 (27. Nxc3 {
ist etwas weniger ungünstig, wenn auch hoffnungslos}) 27... Nd1 28. axb4 (28.
Bxd1 Qb2 29. Qc3 Qxc3 30. Nxc3 a5 {ist ebenso chancenlos für Weiss}) 28...
Nxe3 29. fxe3 Rca7 {Schneller gewinnt die Öffnung der Stellung mit 29...a5!}
30. Ra5 Rf8 31. Nc3 f6 32. exf6 Rxf6 33. Bg4 Ra8 34. Kg3 Bb7 35. Ra1 Raf8 36.
Bf3 R8f7 37. h4 g5 38. hxg5 Rg7 39. g6 Rf5 40. Ra2 Rxg6+ 41. Kf2 e5 $1 42. dxe5
Kf7 (42... d4 43. exd4 Rxg2+ 44. Kxg2 Rxf3 {ist eine hübsche Gewinnvariante})
43. Ne2 Rxe5 44. Nd4 Ke7 45. Ra1 Reg5 46. c3 Rf6 47. Rh1 Kd6 48. Kg1 Ke5 49.
Rh4 Bc8 50. Kh2 Bd7 51. e4 {Die Öffnung der Stellung beschleunigt den weissen
Untergang.} dxe4 52. Rxe4+ Kd6 53. Re2 Bg4 54. Ra2 Kc7 55. Bxg4 Rxg4 56. Re2 h5
57. Kh3 Kd6 58. Rd2 Ke5 59. Nf3+ Kf4 60. Rd4+ Ke3 61. Rxg4 hxg4+ 62. Kxg4 Kd3
63. Kg5 Rf8 64. Kh6 Kxc3 65. Kg7 {[#]} Rxf3 $1 {Die einfachste und schönste
Lösung mit Übergang zu einem gewonnenen Bauernendspiel. Der schwarze c-Bauer
ist schneller als der weisse f-Bauer bei der Umwandlung. Ob die Sphinx 40 den
Gewinn schon gesehen hat oder ein spekulatives Opfer gebracht hat? Denn es
sind 11 Halbzüge zu berechnen, wobei die "Unergründliche" wohl nur 9 HZ
anschaute, dann sah, dass sie eine Dame hatte und der Gegner dafür nur einen
Bauer auf f6. Und ja, die "Unergründlche" sieht den Gewinn mit einer
Bewertung von 97, d.h. +9.7 für Schwarz.} 66. Kh6 ({Die berechnete bzw.
angezeigte Variante der CXG Sphinx 40 most agg lautet:} 66. gxf3 Kxb4 67. f4 c3
68. f5 c2 69. f6 c1=Q {das sind 9 Halbzüge}) 66... Rf1 67. g4 {
***AUFGEGEBEN***} 0-1

[Event "Match 70__120'/40"]
[Site "Zürich"]
[Date "2022.??.??"]
[Round "41"]
[White "CXG Sphinx 40 most agg"]
[Black "CXG Sphinx Legend"]
[Result "0-1"]
[WhiteElo "1780"]
[BlackElo "1816"]
[Annotator "Utzinger,K"]
[PlyCount "139"]
[EventDate "2022.??.??"]

{[%evp 0,139,19,38,25,16,75,61,61,56,56,56,55,46,68,75,75,46,40,29,52,57,69,37,
19,31,115,5,-17,-29,-30,-28,-7,-104,-127,-120,-108,-134,-125,-156,-152,-157,
-167,-162,-149,-152,-159,-145,-143,-154,-153,-155,-136,-131,-142,-158,-111,
-140,-129,-145,-136,-137,-136,-154,-101,-83,-104,-106,-111,-109,-69,-50,-32,0,
46,34,57,51,95,103,95,-12,-15,-84,-44,-71,-40,-55,-45,-59,-13,-19,-24,-24,-24,
-32,-40,-46,-32,-33,-19,-32,-28,-55,-59,-118,-108,-122,-137,-167,-137,-123,-43,
-22,-8,-176,-8,-195,-118,-783,-820,-840,-840,-823,-306,-308,-350,-382,-406,
-865,-868,-1159,-1229,-1252,-1262,-1295,-1355,-1395,-1519,-1519,-1582,-1626]} 
1. e4 e5 {Match 120'/40 | Bediener: Rolf Bühler | 41. Partie: Schwarz (Sphinx
Legend) gewinnt | Zwischenstand: 23,0-18,0 (56%) für Sphinx Legend | Es wird
die Philidor-Verteidigung gespielt. Es entwickelt sich eine offenbar für
beide Seiten schwierige Partie. In allen Spielphasen gibt es mehr als
genügend Fragezeichen zu verteilen. Gewinn, Verlust, Ausgleich wechseln sich
in bunter Reihenfolge ab. Der zufällige Sieger heisst schliesslich Sphinx
Legend, nachdem es der Sphinx 40 trotz Läuferpaar im Endspiel nicht gelingt,
die weit vorgerückten schwarzen Freibauern zu zähmen.} 2. Nf3 d6 3. d4 exd4
4. Nxd4 Nf6 5. Nc3 Be7 {***ENDE BUCH***} 6. Bf4 {***ENDE BUCH***} Bg4 $6 {
Das ist salopp ausgedrückt kein Schachzug, den ein ernsthafter Spieler in
Betracht ziehen würde. Der weisse Plan besteht ja darin, Dd2 gefolgt von der
langen Rochade zu spielen und hernach einen Königsangriff einzuleiten. Nach
dem unbedachten Textzug stellt sich einfach der weisse Bauer auf f3, was ein
Tempo für den kommenden Angriffszug g2-g4 einbringt.} 7. f3 Bd7 8. Bb5 $6 {
Auch dieses Läufermanöver zeigt keinerlei Stellungsverständnis. Den
künftigen Angriffsläufer zu tauschen, kann nicht im Sinne von Weiss sein.
Ferner kann Schwarz auch 8...Sc6 antworten und weiterer die gegnerische
Stellung entlastender Figurentausch ist ohne Tempoverlust für Weiss nicht zu
verhindern. Und drittens ist auch 8...c6 möglich, was den weissen Figuren das
Feld d5 nimmt und Aktionen wie ...b5 ermöglicht, was dem Gegner die lange
Rochade gründlich verleiden würde.} O-O $2 {Besser sind ...c6 oder ...Sc6.}
9. Bc4 $6 {Damit wird das ganze Manöver Lf1-b5-c4 zu einer hilflosen
Angelegenheit. Auch wird der mögliche Vorteil durch 9.Lxd7 Sbxd7 weggeworfen,
weil Weiss dann den schönen Vorposten f5 für den Springer erhalten hätte.} (
9. Bxd7 Nbxd7 10. Nf5 $16) 9... Nh5 {Entwicklung mit ...Sc6 oder u.U. auch ...
c6 machen einen besseren Eindruck.} 10. Be3 c5 $2 {Das ist wegen der Schwäche
des Zentrumsfeldes d5 und dem auf d6 entstehenden rückständigen Bauer in
positioneller Hinsicht höchst fragwürdig.} 11. Nf5 $2 {Aber auch Weiss ist
nicht auf der Höhe und verpasst 11.Sdb5 mit klarem Vorteil.} Bxf5 12. exf5 {
Die weisse Stellung hat jetzt viel von ihrer Dynamik verloren.} Qd7 $2 {
Die gegenseitigen fragwürdigen bis schlechten Züge häufen sich. Die Drohung
...Dxf5 ist keine Drohung - was jedoch die "Unergründliche" nicht erkennen
kann - und wenn Schwarz mit 12...Sbd7 endlich wieder etwas für seine
Entwicklung täte, hätte er keine Probleme.} 13. Qd5 $6 {Minimiert wesentlich
seinen Vorteil.} (13. Qd2 Qxf5 14. Nd5 Bh4+ 15. g3 Bd8 (15... Qxf3 16. Rf1 $18)
16. O-O-O Nf6 (16... Qd7 17. g4 $18) 17. Bf4 $16 {und Weiss steht trotz des
Bauern weniger einfach prächtig und strategisch wohl schon auf Gewinn.}) 13...
Nf6 14. Qd3 $6 {Vernünftiger ginge die Dame nach d2, wo sie den künftigen
Angriffen des schwarzen Springers nach ...Sc6 mit ...Se5 oder ...Sb4 nicht
ausgesetzt wäre. Ferner kann auch ...a6 mit der Drohung ...b5 lästig werden.}
Nc6 {Droht ...Se5 mit Tausch des weissen Lc4.} 15. Bb3 (15. Qd2 {ist besser})
15... Nb4 (15... Rab8 $17 {ist noch stärker}) 16. Qb5 $2 {Von den wenigen in
Frage kommenden Möglichkeiten trifft Weiss die schlechteste Wahl.} Qxb5 17.
Nxb5 a6 {Auch 17...c4 ist stark, aber diese tiefe Variante mit schwarzem
Bauerngewinn war von unseren Oldies nicht zu erkennen.} (17... c4 18. Bd2 cxb3
19. Bxb4 bxc2 20. Rc1 Nd5 21. Bd2 Rfc8 22. Na3 Bf6 23. Rxc2 Rxc2 24. Nxc2 Rc8
25. Kd1 Bxb2 $17 {schwarzer Mehrbauer}) 18. Na3 d5 $17 {Keine Frage, dass
Schwarz nun klar besser steht. Es droht entscheidend ...c4.} 19. O-O-O $2 {
Weiss findet sich unnötigerweise mit Figurenverlust ab.} ({Nach} 19. c3 Nd3+
20. Kd2 c4 21. Rhb1 Nxb2 22. Nc2 Nd3 {muss sich Schwarz mit einem Mehrbauern
zufriedengeben.}) 19... c4 $19 {[#] Schwarz hat eine gewonnene Stellung
erreicht.} 20. Nxc4 (20. c3 cxb3 21. cxb4 bxa2 22. Kc2 a5 $1 $19 {bringt
ebenso wenig Rettung}) 20... dxc4 21. Bxc4 Rac8 22. Bb3 Rfd8 23. c3 Nd3+ 24.
Kb1 Bc5 25. Bg5 Nf2 {Dieser Doppelangriff erzwingt den folgenden Turmtausch.}
26. Rxd8+ Rxd8 27. Rf1 a5 (27... h6 {um allenfalls weiteren Figurentausch
anzustreben, verdient den Vorzug.}) 28. Bc2 Rd5 29. b4 axb4 30. cxb4 Bb6 {
Der Sf2 muss gedeckt bleiben.} 31. a3 Nd7 $2 {Nun stolpert Schwarz und muss
dem Gegner wieder fast Ausgleich zuzugestehen.} (31... h6 32. Bh4 (32. Bxf6
gxf6 $19) 32... Rd2 $19) 32. Re1 $2 {Verpasst die beste Fortsetzung.} (32. Bh4
Nd3 33. f4 $1 $11) 32... Re5 33. Rxe5 Nxe5 {Nun kann der schwarze Springer auf
f2 wieder entwischen. Trotz allem hat es Schwarz nicht mehr leicht, diese
Stellung auch zu gewinnen.} 34. Bb3 h6 (34... Nfd3 35. Bd5 Nc6 $17 {gefällt
mir besser}) 35. Bd2 Bd8 36. Kc2 {[#]} Nh1 $2 {Nun ist es plötzlich Schwarz,
der mit diesem unsinnigen Manöver in eine verlorene Stellung gerät. Die
Bewertung von Stockfish 15 springt von 0.21 auf 4.13.} 37. Bc3 {Auch 37.a4
gewinnt.} ({Blue Marlin 15.1-avx2:} 37. a4 b6 (37... Bb6 38. Bd5) 38. Be1 Bg5
39. Bd5 Be3 40. Bc3 Nd7 41. Bc6 Nb8 42. Bb5 Bf4 43. g3 Nxg3 44. hxg3 Bxg3 45.
Kd3 h5 46. f4 Bxf4 47. Ke4 Bg3 48. Bd4 h4 49. Bxb6 h3 50. Kf3 Be5 51. a5 g5 52.
fxg6 fxg6 53. a6 Nxa6 54. Bxa6 h2 55. Kg2 Kf8 56. Bc8 g5 57. b5 Ke8 58. Bg4 Ke7
59. Bc5+ Kf6 60. Ba7 Ke7 61. b6 Bd4 62. Kxh2 Kd6 63. Bf3 g4 64. Bg2 {[%eval
461,45]}) 37... Bc7 38. Bd5 b6 39. g3 (39. Be1 {ist logischer, was den
Springer auf h1 einschliesst.}) 39... Nf2 40. h4 $2 {Nach diesem Fehler ist
der weisse Gewinn weg.} (40. Bd4 Nh3 41. f4 Nd7 42. Bg2 Nxf4 43. gxf4 Bxf4 44.
Bc6 Nb8 45. Bb5 Bxh2 46. Bxb6 $18) 40... Nd7 41. f4 $6 {Macht dem gegnerischen
Springer das schöne Feld g4 frei.} Ng4 42. Bd4 Ndf6 43. Bf3 Nh2 44. Bg2 Nh5
45. Bg1 Nxg3 46. Bxh2 Nxf5 47. Kd3 Nxh4 48. Be4 g5 {Die Partie befindet sich
nun im Remisbereich.} 49. Bg1 Kf8 50. fxg5 hxg5 51. Kc4 f5 52. Bc6 g4 53. Kb5
g3 54. Bd5 f4 55. Kc6 Be5 56. Bxb6 f3 57. Bc4 $2 {Und dieser Fehler dreht die
Partie vollkommen zugunsten von Schwarz. Hier fehlt es an der notwendigen
Rechentiefe.} (57. a4 f2 58. Bc4 $11) (57. Bc5+ Kg7 58. b5 f2 59. Bc4 Nf3 60.
b6 Nd2 61. Bd3 f1=Q 62. Bxf1 Nxf1 63. a4 g2 64. a5 Bf4 65. Bg1 Nd2 66. b7 Nf3
67. Bf2 Bb8 68. a6 Kf7 $11) 57... f2 $2 {Dem Schwarz geht es nicht besser,
denn er findet den möglichen Gewinn nicht.} (57... Nf5 $1 58. Bc5+ Ke8 59. Bd5
f2 60. Bg2 Bd4 $1 61. Bd6 Ne3 62. Bxg3 (62. Bh3 g2 63. Bxg2 Nxg2) 62... Nxg2
63. Bxf2 Bxf2 $19) 58. Kd7 Nf3 $11 {Es steht wieder ausgeglichen.} 59. Be3 $2 {
Und erneut stolpert Weiss in den Verlust. Remis macht z.B.:} (59. Bc5+ Kg7 60.
Bf1 Nd2 61. Bh3 f1=Q 62. Bxf1 Nxf1 63. a4 Bf4 64. a5 g2 65. a6 Be3 66. a7 $1
g1=Q 67. a8=Q Bxc5 68. bxc5 Qxc5 $11) 59... g2 60. Bc5+ Kg7 61. Bxf2 Bg3 (61...
Bd4 {ist noch einfacher}) 62. Bc5 Ne5+ 63. Ke6 Nxc4 $19 {Damit ist die Sache
zugunsten von Schwarz, bzw. die Sphinx Legend entschieden.} 64. a4 Bf4 65. Bg1
Be3 66. Bh2 Nd2 67. Be5+ Kg6 68. Bh2 Nf3 69. Bd6 g1=Q 70. a5 {***AUFGEGEBEN***}
0-1